000 00402nam a2200157 4500
001 110036
003 ES-MaACL
005 20230906184951.0
007 t|
008 061121s1966 sp r ||||1| spa d
100 1 _aObregón, Eduardo.
_986424
245 1 0 _aDemocracia /
_cEduardo Obregón.
260 _aMadrid :
_bZYX,
_c1966.
300 _a56 p. ;
_c17 cm.
852 _aES-MaACL
_jC-30597
_bR.60850
999 _c110036
_d110036